000 01228nam a22002297a 4500
999 _c60166
_d60166
003 Ge_BSU
005 20230614152518.0
008 230614s2005 ge ||||| |||| 00| 0 geo d
020 _a9994046128
041 _ageo
080 _a271.22(479.22)+94(479.22)(092 უცხ.) ნ-67
100 _aნინიძე, დავით
_918707
245 _a"ქართველთა მირონისა" და ავტოკეფალიის საკითხისათვის :
_b(ასცელინის ნაკვალევზე) /
_c დავით ნინიძე ; რედაქტორი: ა. გოგოლაძე.
264 _aთბილისი :
_bმერიდიანი,
_c2005.
300 _a32 გვ. ;
_b20 სმ.
504 _aბიბლიოგრ.: გვ. 30-31.
520 _aრეზ. ინგლ. ენ.
653 _aსაქართველოს მართლმადიდებლური ეკლესია
653 _aსაქართველოს ისტორიის უცხოური წყაროები.
700 _aგოგოლაძე, ა.
_eრედაქტორი
_918708
942 _2udc
_cBK